Interný audit ako forma kontrolovania diplomová práca

Saved in:
Bibliographic Details
Main Author: Mrlláková, Nataša
Corporate Author: Fakulta podnikového manažmentu EU. Katedra manažmentu
Other Authors: Kráčmar, Ján
Format: Book
Language:Slovak
Published: Bratislava 2011
Tags: Add Tag
No Tags, Be the first to tag this record!

MARC

LEADER 00000nbm a2200000 4500
001 0131460
005 20161109101705.7
041 0 |a slo 
044 |a SK 
245 1 0 |a Interný audit ako forma kontrolovania  |b diplomová práca  |c Nataša Mrlláková ; školiteľ: Ján Kráčmar 
264 1 |a Bratislava  |c 2011 
300 |a 101 s. 
100 1 |a Mrlláková, Nataša 
700 1 |a Kráčmar, Ján 
710 2 |a Fakulta podnikového manažmentu EU. Katedra manažmentu